ARRUPE JESUIT UNIVERSITY

CORONAVIRUS -STOP THE SPREAD - CLEAN,DISINFECT,COVER

A dome of many colors : (Record no. 125086)

MARC details
000 -LEADER
fixed length control field 01075pam a22002894a 4500
001 - CONTROL NUMBER
control field 4520525
003 - CONTROL NUMBER IDENTIFIER
control field ARRUPE
005 - DATE AND TIME OF LATEST TRANSACTION
control field 20160823123724.0
008 - FIXED-LENGTH DATA ELEMENTS--GENERAL INFORMATION
fixed length control field 990223s1999 pau b 101 0 eng
010 ## - LIBRARY OF CONGRESS CONTROL NUMBER
LC control number 99013093
020 ## - INTERNATIONAL STANDARD BOOK NUMBER
International Standard Book Number 1563382679 (pbk. : alk. paper)
040 ## - CATALOGING SOURCE
Original cataloging agency DLC
Transcribing agency DLC
Modifying agency DLC
042 ## - AUTHENTICATION CODE
Authentication code pcc
050 00 - LIBRARY OF CONGRESS CALL NUMBER
Classification number BL60
Item number .D65 1999
082 00 - DEWEY DECIMAL CLASSIFICATION NUMBER
Classification number 291.1/72
Edition number 21
300 ## - PHYSICAL DESCRIPTION
Dimensions 22 cm.
245 02 - TITLE STATEMENT
Title A dome of many colors :
Remainder of title studies in religious pluralism, identity, and unity /
Statement of responsibility, etc edited by Arvind Sharma and Kathleen M. Dugan.
260 ## - PUBLICATION, DISTRIBUTION, ETC. (IMPRINT)
Place of publication, distribution, etc Harrisburg, Pa. :
Name of publisher, distributor, etc Trinity Press International,
Date of publication, distribution, etc c1999.
300 ## - PHYSICAL DESCRIPTION
Extent v, 201 p. ;
504 ## - BIBLIOGRAPHY, ETC. NOTE
Bibliography, etc Includes bibliographical references and index.
650 #0 - SUBJECT ADDED ENTRY--TOPICAL TERM
Topical term or geographic name as entry element Religious pluralism
General subdivision Congresses.
9 (RLIN) 25331
700 1# - ADDED ENTRY--PERSONAL NAME
Personal name Sharma, Arvind.
9 (RLIN) 22541
700 1# - ADDED ENTRY--PERSONAL NAME
Personal name Dugan, Kathleen Margaret.
9 (RLIN) 25332
906 ## - LOCAL DATA ELEMENT F, LDF (RLIN)
a 7
b cbc
c orignew
d 1
e ocip
f 19
g y-gencatlg
942 ## - ADDED ENTRY ELEMENTS (KOHA)
Source of classification or shelving scheme Library of Congress Classification
Koha item type Monograph ( Printed materials)
Holdings
Withdrawn status Lost status Source of classification or shelving scheme Damaged status Not for loan Collection code Home library Current library Shelving location Date acquired Total Checkouts Full call number Barcode Date last seen Price effective from Koha item type
    Library of Congress Classification     Main Collection ARRUPE LIBRARY ARRUPE LIBRARY Main Collection 23/08/2016   BL60 .D65 1999 46500010243 23/08/2016 23/08/2016 Monograph ( Printed materials)
    Library of Congress Classification       ARRUPE LIBRARY ARRUPE LIBRARY   09/11/2016   BL60 .D65 1999 46003014356 09/11/2016 09/11/2016 Monograph ( Printed materials)

 

Arrupe Library. PO Box MP320 Mt Pleasant, Harare, Zimbabwe
263 242 745411|librarian@aju.ac.zw